| 000 | 01708nam0a22003371 4500 | ||
|---|---|---|---|
| 001 | rc\3353369 | ||
| 005 | 20260406140444.0 | ||
| 021 |
_aRU _bРг16761-72 |
||
| 035 | _a(NLR Aleph) 007437607 | ||
| 090 |
_a7081653 _c7081653 |
||
| 100 | _a20130115d1971 |||y0rusy50 ca | ||
| 101 | 0 |
_arus _alav _aeng |
|
| 102 | _aRU | ||
| 105 | _ay a ||||| | ||
| 200 | 1 |
_aПубликации сотрудников Латвийского научно-исследовательского института животноводства и ветеринарии _eБиблиогр. |
|
| 210 |
_aRiga _cZvaigzne _d1971 |
||
| 215 |
_a483 с. _d21 |
||
| 300 | _aНа обороте тит. л. сост.: V. Veldze un S. Cepurniece | ||
| 300 | _aТекст парал. на рус., латыш. и англ. яз | ||
| 300 | _aЗагл. также на латыш. яз.: Latvijas lopkopības un veterinārijas zinātniskās petniecibas institūta darbinieku publikācijas; на англ. яз.: The publications of the employees of the Latvian scientific research institute of animal husbandry and veterinary sciences | ||
| 517 | 0 | _aThe publications of the employees of the Latvian scientific research institute of animal husbandry and veterinary sciences | |
| 517 | 0 | _aLatvijas lopkopības un veterinārijas zinātniskās petniecibas institūta darbinieku publikācijas | |
| 702 | 1 |
_aВелдзе _bВ. _4220 |
|
| 702 | 1 |
_aCepurniece _bS. _4220 |
|
| 710 | 0 | 2 |
_aЛатвийский НИИ животноводства и ветеринарии _cРига _3RU\NLR\AUTH\889919475 _9335155 |
| 801 | 0 |
_aRU _bNLR _gpsbo |
|
| 801 | 1 |
_aRU _bELAR _2rusmarc |
|
| 852 |
_aNLR _bОНЛ |
||
| 942 | _cBOOK | ||
| 980 | _aNB | ||